| 000 | 00428nam a2200169Ia 4500 | ||
|---|---|---|---|
| 008 | 131103s9999 xx 000 0 und d | ||
| 040 | _aLoreto College | ||
| 041 | _aEnglish | ||
| 082 |
_aF/HAM _bLCBED/6423 |
||
| 100 | _aHammarskjold, Dag | ||
| 245 |
_aMarkings _cDag Hammarskjold |
||
| 260 |
_aLondon _bFaber & Faber _c1965 |
||
| 300 |
_a185p. _c 18cm. |
||
| 650 | _aEnglish fiction | ||
| 850 | _aLCBED/F/HAM | ||
| 942 | _cBK | ||
| 999 |
_c32718 _d83197 |
||